Rural settlements in South Asia (Record no. 342156)

000 -LEADER
fixed length control field 00408cam a22001337a 4500
008 - FIXED-LENGTH DATA ELEMENTS--GENERAL INFORMATION
fixed length control field 180718b1980 xxu||||| |||| 00| 0 eng d
082 ## - DEWEY DECIMAL CLASSIFICATION NUMBER
Classification number B135x54 C36
245 ## - TITLE STATEMENT
Title Rural settlements in South Asia
Statement of responsibility, etc. edited by Charanjit Chanana
260 ## - PUBLICATION, DISTRIBUTION, ETC.
Place of publication, distribution, etc. New Delhi
Name of publisher, distributor, etc. MERB
Date of publication, distribution, etc. 1980
300 ## - PHYSICAL DESCRIPTION
Extent 265p.
650 ## - SUBJECT ADDED ENTRY--TOPICAL TERM
Topical term or geographic name entry element Community life, Rural - Asia, South
650 ## - SUBJECT ADDED ENTRY--TOPICAL TERM
Topical term or geographic name entry element Sociology, Rural - Asia, South
700 ## - ADDED ENTRY--PERSONAL NAME
Personal name Chanana, Charanjit
Holdings
Withdrawn status Lost status Damaged status Not for loan Permanent Location Current Location Date acquired Full call number Barcode Date last seen Price effective from Koha item type
        Indian Institute of Public Administration Indian Institute of Public Administration 1993-09-21 B135x54 C36 56033 2018-07-21 2018-07-21 Book

Powered by Koha